00425nam a2200169Ia 4500008004100000020001800041245002400059245005200083260001500135260001600150260000900166300001400175300002500189300001000214440002300224500000800247170705s9999 xx 000 0 und d a9780439574600 4aThe pumpkin patch / cMargaret McNamara ; illustrated by Mike Gordon. aNew York : bScholastic, c2003 aunpaged : bcolor illustration ; c23cm. aRobin hill school. a230